|
|
|
|
| LEADER |
00000nam0a2200000 4500 |
| 001 |
144701 |
| 005 |
20231101221119.0 |
| 035 |
|
|
|a (RuTPU)RU\TPU\book\156823
|
| 090 |
|
|
|a 144701
|
| 100 |
|
|
|a 20081007d1959 m y0rusy50 ca
|
| 101 |
0 |
|
|a rus
|
| 102 |
|
|
|a RU
|
| 105 |
|
|
|a a j 001zy
|
| 200 |
1 |
|
|a Основы металловедения
|e учебник
|f Г. А. Кащенко
|
| 205 |
|
|
|a 3-е изд., доп. и перераб.
|
| 210 |
|
|
|a Москва
|c Машгиз
|d 1959
|a Ленинград
|
| 215 |
|
|
|a 396 с.
|c ил.
|
| 320 |
|
|
|a Библиогр.: с. 388-390.
|
| 606 |
1 |
|
|a Металловедение
|x Общие вопросы
|2 stltpush
|3 (RuTPU)RU\TPU\subj\42403
|9 62070
|
| 610 |
1 |
|
|a учебники
|
| 610 |
1 |
|
|a кристаллизация
|
| 610 |
1 |
|
|a металлы
|
| 610 |
1 |
|
|a структура
|
| 610 |
1 |
|
|a свойства
|
| 610 |
1 |
|
|a сплавы
|
| 610 |
1 |
|
|a литье
|
| 675 |
|
|
|a 669(075.8)
|v 3
|
| 700 |
|
1 |
|a Кащенко
|b Г. А.
|g Георгий Антонович
|
| 801 |
|
1 |
|a RU
|b 63413507
|c 20081007
|g PSBO
|
| 801 |
|
2 |
|a RU
|b 63413507
|c 20201124
|g PSBO
|
| 942 |
|
|
|c BK
|